000 00933nam a2200301 a 4500
001 10388
003 BD-RjUL
005 20211208234938.0
008 140123s1962 nyua b 001 0 eng d
035 _a01-627/L
_a(BD-RjUL)10436
040 _aDLC
_cDLC
_dMCL
_dm/c
_dBD-RjUL
_beng
041 _aeng
082 _a547.1
_bHIP 1962
100 1 _aHine, Jack,
_d1923-1988
_932108
245 1 0 _aPhysical organic chemistry /
_cJack Hine.
250 _a2nd ed.
260 _aNew York ;
_aLondon :
_bMcGraw-Hill,
_cc1962.
300 _ax, 552 p. :
_bill. ;
_c21 cm.
500 _aPrevious ed.: 1956.
504 _aIncludes bibliography and index.
650 0 _aPhysical organic chemistry.
_932111
650 0 _aChemistry, Organic.
_932112
650 0 _aChemistry, Physical and theoretical.
_932113
830 0 _aMcGraw-Hill series in advanced chemistry
_932116
942 _2ddc
_cBK
999 _c10388
_d10388